UBT Library

Fundamentals of nursing / (Record no. 40832)

000 -LEADER
fixed length control field 00590cam a2200229 a 4500
001 - CONTROL NUMBER
control field 915637
005 - DATE AND TIME OF LATEST TRANSACTION
control field 20180124040509.0
008 - FIXED-LENGTH DATA ELEMENTS--GENERAL INFORMATION
fixed length control field 820505s1983 paua b 001 0 eng
010 ## - LIBRARY OF CONGRESS CONTROL NUMBER
LC control number 82008935
020 ## - INTERNATIONAL STANDARD BOOK NUMBER
International Standard Book Number 0397543549
040 ## - CATALOGING SOURCE
Original cataloging agency DLC
Transcribing agency DLC
Modifying agency DLC
041 ## - LANGUAGE CODE
Language code of text/sound track or separate title eng
060 ## - NATIONAL LIBRARY OF MEDICINE CALL NUMBER
Classification number WY 100 F9798
080 ## - UNIVERSAL DECIMAL CLASSIFICATION NUMBER
Universal Decimal Classification number 610.73 per
082 00 - DEWEY DECIMAL CLASSIFICATION NUMBER
Classification number 610.73 per
Edition number 19
100 ## - Rafti
Rafti 1
101 ## - Shkurtesa
Shkurtesa SHM
245 00 - TITLE STATEMENT
Title Fundamentals of nursing /
Statement of responsibility, etc LuVerne Wolff ... [et al.].
504 ## - BIBLIOGRAPHY, ETC. NOTE
Bibliography, etc Includes bibliographies and index.
906 ## - LOCAL DATA ELEMENT F, LDF (RLIN)
a 7
b cbc
c orignew
d 1
e ocip
f 19
g y-gencatlg
942 ## - ADDED ENTRY ELEMENTS (KOHA)
Source of classification or shelving scheme
Item type Books
Holdings
Withdrawn status Lost status Source of classification or shelving scheme Damaged status Not for loan Collection code Permanent location Current location Shelving location Date acquired Total Checkouts Full call number Barcode Date last seen Price effective from Koha item type
          Koleksioni i përgjithshem UBT - Lipjan UBT - Lipjan Koleksioni i përgjithshem 01/24/2018   610.73 per 002-2996523 01/24/2018 01/24/2018 Books
UBT Library © 2015-2024. All rights reserved University Education for Business and Technology